| 000 | 00897na a2200265 4500 | ||
|---|---|---|---|
| 001 | 24546 | ||
| 003 | MIRAKIL | ||
| 005 | 20181213155331.0 | ||
| 008 | 181130b tu 000 0 | ||
| 040 |
_aMilas _btur _cTR-AnCHP |
||
| 041 | _atur | ||
| 082 |
_a909.049996 _bK27ç 1995 |
||
| 090 | _a909.049996 K27ç 1995 | ||
| 100 | _aKasumov, Aliy | ||
| 245 |
_aÇerkes soykırımı _bÇerkeslerin XIX. yüzyıl kurtuluş savaşı tarihi _cAliy Kasumov - Hasan Kasumov ; çeviren Orhan Uravelli |
||
| 246 | _aÇerkeslerin XIX. yüzyıl Kurtuluş Savaşı tarihi | ||
| 260 |
_aAnkara _bKafkas Derneği _c1995 |
||
| 300 |
_avi, 310 s. _bhrt. _c19 sm. |
||
| 650 |
_aÇerkesler _xTarih |
||
| 650 |
_aÇerkes soykırımı _xKafkasya _y19. yy. |
||
| 700 |
_aUravelli, Orhan _eçev. |
||
| 700 | _aKasumov, Hasan | ||
| 740 | _aÇerkeslerin XIX. yüzyıl Kurtuluş Savaşı tarihi | ||
| 942 |
_2ddc _cBKS |
||
| 999 |
_c10702 _d10702 |
||